00928 2200337 4500001002100000005001500021035002000036007000300056040001700059100002700076245006500103250001200168300004100180020002200221041000800243082000800251084001400259090002000273264003700293336002100330337003000351338002300381650001700404850001000421008004100431500003000472990002200502990002200524990002200546990002200568INLIS00000000000815320260529080519 a0010-0922000642ta aSBPUPADbind0 aGiri WiartoePengarang1 aInovasi Pembelajaran Dalam Pendidikan Jasmani /cGiri Wiarto a.-cet.1 avii,345 hlm :bilus. ;c21,5 x 26 cm a978-602-73094-0-107aind a700 a700 GIR i a712 TIM r L22-6 a.--Yogyakarta :bLaksitas,c2015 2rdacontentateks 2rdamediaatanpa perantara 2rdacarrieravolume 4aKeolahragaan aPUPAD260529 0  aTentang Penulis,hlm Cover a28.082/P/DPK/2018 a28.085/P/DPK/2018 a28.084/P/DPK/2018 a28.083/P/DPK/2018